Rwanda : Selected Issues.

This Selected Issues paper analyzes investment strategy to foster structural transformation in Rwanda. Over the past 15 years, Rwanda has transformed its economy by moving workers out of agriculture into mostly services and some industry. This has been accomplished through strong public investment f...

Description complète

Détails bibliographiques
Collectivité auteur: International Monetary Fund. African Dept
Format: Revue
Langue:English
Publié: Washington, D.C. : International Monetary Fund, 2017.
Collection:IMF Staff Country Reports; Country Report ; No. 2017/214
Sujets:
Accès en ligne:Full text available on IMF
LEADER 01858cas a2200265 a 4500
001 AALejournalIMF017802
008 230101c9999 xx r poo 0 0eng d
020 |c 5.00 USD 
020 |z 9781484309889 
022 |a 1934-7685 
040 |a BD-DhAAL  |c BD-DhAAL 
110 2 |a International Monetary Fund.  |b African Dept. 
245 1 0 |a Rwanda :   |b Selected Issues. 
264 1 |a Washington, D.C. :  |b International Monetary Fund,  |c 2017. 
300 |a 1 online resource (53 pages) 
490 1 |a IMF Staff Country Reports 
500 |a <strong>Off-Campus Access:</strong> No User ID or Password Required 
500 |a <strong>On-Campus Access:</strong> No User ID or Password Required 
506 |a Electronic access restricted to authorized BRAC University faculty, staff and students 
520 3 |a This Selected Issues paper analyzes investment strategy to foster structural transformation in Rwanda. Over the past 15 years, Rwanda has transformed its economy by moving workers out of agriculture into mostly services and some industry. This has been accomplished through strong public investment flows and efficient public investment management. Going forward, the challenge is whether the private sector can complement the infrastructure assets put in place by the public sector and maintain economic momentum. It will also require continued effort by the government in raising education standards, better matching qualifications offered to students to those most in demand by employers, and lowering electricity and transportation costs. 
538 |a Mode of access: Internet 
650 7 |a Economics of Gender  |2 imf 
650 7 |a Non-Labor Discrimination  |2 imf 
830 0 |a IMF Staff Country Reports; Country Report ;  |v No. 2017/214 
856 4 0 |z Full text available on IMF  |u http://elibrary.imf.org/view/journals/002/2017/214/002.2017.issue-214-en.xml  |z IMF e-Library